| 000 | 00353 a2200121 4500 | ||
|---|---|---|---|
| 001 | ART_33040 | ||
| 005 | 20260410161926.0 | ||
| 008 | 260409a | ||
| 245 | 1 | 0 | _aEl desafío agroalimentario de China hacia el 2030 |
| 100 | 1 | _aThailinger, Agustina | |
| 700 | 1 | _aRossi, Guillermo | |
| 773 | 0 |
_tLecturas _g- Nº 18 (ene. 2015) _wREV19328 |
|
| 999 |
_c28175 _d28175 |
||